00546nam a2200121Ia 4500008004100000245023400041260003500275260000900310300000800319500001800327650001300345856006600358170516s9999 xx 000 0 und d aApplication of Box-Behnken design to formulate and optimize multipolymeric fast dissolving film of rizatriptan benzoate Dharmik M. Mehta, Divyang J. Dave, Dhaval V. Dadhaniya, Pragna K. Shelat, Punit B. Parejiya, Bhavesh S. Barot bAsian Journal of Pharmaceutics c2014 a8:1 aJanuary-March xPharmacy uhttp://www.asiapharmaceutics.info/index.php/ajp/issue/view/47